| 000 | 00506nam a2200193Ia 4500 | ||
|---|---|---|---|
| 008 | 131103s9999 xx 000 0 und d | ||
| 020 |
_a81 7215 116 0 _cRs.80.00 |
||
| 040 | _aLoreto College | ||
| 041 | _aEnglish | ||
| 082 |
_a891.443/NAS _bLCLIB/37053 |
||
| 100 | _aNasrin, Tasleema | ||
| 245 |
_aNirbacheto colum _cTasleema Nasrin |
||
| 250 | _a1st ed. | ||
| 260 |
_aCalcutta _bAnanda _c1992 |
||
| 300 |
_a190p. _c 21cm. |
||
| 650 | _aBengali fiction | ||
| 850 | _aLCLIB/891.443/NAS | ||
| 942 | _cBK | ||
| 999 |
_c22908 _d73387 |
||